| 000 | 01821pam a22004457a 4500 | ||
|---|---|---|---|
| 001 | 15118502 | ||
| 003 | OSt | ||
| 005 | 20240724101339.0 | ||
| 008 | 071219s2007 enka b 001 0 eng | ||
| 010 |
_a 2007531652 _z 2008353901 |
||
| 016 | _a20079032974 | ||
| 020 | _a9780745325811 (Pluto hardback) | ||
| 020 | _a9780745325804 (Pluto pbk.) | ||
| 020 | _a9781552662526 (Fernwood) | ||
| 020 | _a9781420256048 (Palgrave Macmillan) | ||
| 020 | _a9781770093805 (Jacana) | ||
| 035 | _a(OCoLC)ocn132306743 | ||
| 040 |
_aNLC _beng _cMUST _dYDXCP _dBAKER _dBTCTA _dDLC |
||
| 042 | _alccopycat | ||
| 050 | 0 | 0 |
_aQC981.8.C5 _bJ39 2007 |
| 082 | _a362 JAR 2007 | ||
| 100 | 1 |
_aJarman, Melanie. _918976 |
|
| 245 | 1 | 0 |
_aClimate change / _cMelanie Jarman. |
| 260 |
_aLondon ; _aAnn arbor, MI : _bPluto Press ; _aHalifax : _bFernwood Pub. ; _aSouth Yarra, Australia : _bPalgrave Macmillan ; _aAuckland Park, South Africa : _bJacana, _c2007. |
||
| 300 |
_axi, 193 p. : _bill. ; _c18 cm. |
||
| 440 | 0 |
_aSmall guides to big issues _918977 |
|
| 504 | _aIncludes bibliographical references (p. [150]-158) and index. | ||
| 650 | 0 |
_aClimatic changes. _916228 |
|
| 650 | 0 |
_aClimatic changes _xGovernment policy. _914299 |
|
| 650 | 0 |
_aClimatic changes _xPolitical aspects. _918978 |
|
| 650 | 0 |
_aGreenhouse effect, Atmospheric. _918979 |
|
| 650 | 6 |
_aClimat _xChangements. _918980 |
|
| 650 | 6 |
_aClimat _xChangements _xPolitique gouvernementale. _918981 |
|
| 650 | 6 |
_aClimat _xChangements _xAspect politique. _918982 |
|
| 650 | 6 |
_aEffet de serre (Météorologie) _918983 |
|
| 856 | 4 | 1 |
_3Table of contents _uhttp://www.loc.gov/catdir/toc/fy0803/2007531652.html |
| 906 |
_a7 _bcbc _ccopycat _d2 _encip _f20 _gy-gencatlg |
||
| 942 |
_2ddc _cO_SHELF |
||
| 999 |
_c9284 _d9284 |
||